[Event "Witwatersrand USSA Cup"]
[Site "Witwatersrand"]
[Date "2015.04.24"]
[Round "3"]
[White "Mnguni, Jacob Dumisani"]
[Black "Chettiar, Evasan"]
[Result "0-1"]
[WhiteElo "1941"]
[BlackElo "1903"]
[PlyCount "120"]
[EventDate "2015.04.23"]
[EventType "tourn"]
[EventRounds "9"]
[EventCountry "RSA"]
[SourceTitle "EXT 2016"]
[Source "ChessBase"]
[SourceDate "2015.10.08"]
[SourceVersion "1"]
[SourceVersionDate "2015.10.08"]
[SourceQuality "1"]

1. c4 Nf6 2. Nf3 g6 3. b3 Bg7 4. Bb2 c5 5. g3 Nc6 6. Bg2 0-0 7. 0-0 d6 8. d4 cxd4 9. Nxd4 Bd7 10. Nc3 Rc8 11. e3 a6 12. Qe2 Qa5 13. Rfd1 Rfe8 14. h3 Nxd4 15. Rxd4 b5 16. b4 Qb6 17. cxb5 axb5 18. a4 bxa4 19. Nxa4 Qb5 20. Qd2 Bc6 21. Bf1 Qb7 22. b5 Bf3 23. Rf4 Nd7 24. Bxg7 Kxg7 25. Qb2+ Kg8 26. Nc3 Ne5 27. b6 Rc5 28. Ra7 Qc6 29. Rc7 Rxc3 30. Rxc6 Rxc6 31. b7 Rb8 32. Ra4 Rc7 33. Ra8 Nd7 34. Ba6 Rxa8 35. bxa8Q+ Bxa8 36. g4 Ra7 37. Bc8 Nc5 38. g5 Bd5 39. Qd4 Bc6 40. Bg4 Ra4 41. Qb2 Nd3 42. Qb8+ Kg7 43. Be2 Rb4 44. Qc7 Rb1+ 45. Bf1 Ne5 46. f4 Rb7 47. Qc8 Nf3+ 48. Kf2 Be4 49. Bg2 Rb2+ 50. Kg3 Rc2 51. Qd8 Nxg5 52. Bxe4 Nxe4+ 53. Kh4 Rg2 54. Qxe7 Ng3 55. e4 h6 56. Qe8 Nh5 57. f5 Nf4 58. f6+ Kxf6 59. Qh8+ Ke7 60. Qxh6 g5+ 0-1